|
|
|
|
| LEADER |
02461nam a2200397 i 4500 |
| 001 |
nkc20213324137 |
| 003 |
CZ PrNK |
| 005 |
20220222092703.0 |
| 007 |
ta |
| 008 |
210513s2021 xr g 000 f cze |
| 015 |
|
|
|a cnb003324137
|
| 020 |
|
|
|a 978-80-257-3415-5
|q (vázáno) :
|c Kč 248,00
|
| 035 |
|
|
|a (OCoLC)1288052730
|
| 035 |
|
|
|a (OCoLC)1291386432
|
| 040 |
|
|
|a ABG001
|b cze
|e rda
|
| 072 |
|
7 |
|a 821.162.3-3
|x Česká próza
|2 Konspekt
|9 25
|
| 080 |
|
|
|a 821.162.3-31
|2 MRF
|
| 080 |
|
|
|a (0:82-31)
|2 MRF
|
| 100 |
1 |
|
|a Říhová, Zuzana,
|d 1981-
|7 osa2016909286
|4 aut
|
| 245 |
1 |
0 |
|a Cestou špendlíků nebo jehel /
|c Zuzana Říhová
|
| 250 |
|
|
|a Vydání první
|
| 264 |
|
1 |
|a Praha :
|b Argo,
|c 2021
|
| 300 |
|
|
|a 243 stran ;
|c 21 cm
|
| 336 |
|
|
|a text
|b txt
|2 rdacontent
|
| 337 |
|
|
|a bez média
|b n
|2 rdamedia
|
| 338 |
|
|
|a svazek
|b nc
|2 rdacarrier
|
| 520 |
2 |
|
|a Vesnický román s hororovými prvky, v němž je městský manželský pár s postiženým synem vystaven podivné temné hrozbě uprostřed nepřátelské vesnice.
|b Manželský pár, Bohumil a Bohumila, se s mentálně postiženým synem přestěhuje z Prahy do malé vesnice v pohraničí, aby vyřešil svou manželskou krizi. V horkém létě se pokoušejí zapadnout mezi místní, drobná nedorozumění přisuzují nejprve své odlišnosti a neschopnosti pochopit venkovské prostředí. Avšak malých i velkých lží, podivných náhod a nepříjemných incidentů přibývá a pocit ohrožení sílí. Tušení, že jejich chalupu každou noc obchází velké zvíře, podivně koresponduje se záhadnými letáky s pohádkou o vlkovi, které nacházejí v místní nálevně. Jedné noci se Bohumil a Bohumila vracejí do prázdné chalupy - kluk zmizel. Podivné události vyvrcholí třetí den po chlapcově zmizení, kdy se před chalupou shromáždí vesničané ve slavnostních úborech. Převrátila se bizarní hra v jakousi zvrácenou podobu moderního folkloru? Jde jim o život? A co se stalo s klukem? Nakladatelská anotace. Kráceno.
|
| 655 |
|
7 |
|a české romány
|7 fd133974
|2 czenas
|
| 655 |
|
9 |
|a Czech fiction
|2 eczenas
|
| 910 |
2 |
|
|a BOA001
|b 2-1469.597
|
| 920 |
|
|
|a 4594771
|z ABG001
|
| 990 |
|
|
|a BK
|
| 995 |
|
|
|a 01
|
| 991 |
|
|
|b 202107
|c NOV
|
| 996 |
6 |
|
|b 2610872169
|c 2-1469.597
|l MZK
|r Sklad / do 1 hodiny
|n 3
|p p.v.
|w 001857998
|u 000010
|a 1
|e BOA001
|j MZK50
|s P
|
| 996 |
7 |
|
|b 2610896593
|c 2-1469.597
|l MZK
|r Sklad / do 1 hodiny
|n 14
|p kup
|w 001857998
|u 000020
|a 1
|e BOA001
|j MZK50
|s A
|